WOMEN IN DEVELOPMENT A RESOURCE UNIDE FOR ORGANIZATION AND ACTION

Guardat en:
Dades bibliogràfiques
Autor corporatiu: ISIS
Format: Text
Publicat: Geneva: ISIS
Etiquetes: Afegir etiqueta
Sense etiquetes, Sigues el primer a etiquetar aquest registre!

MARC

LEADER 00000 a a2200000 04500
001 23330
003
040
020 |a 2-88116-000-X  
090 |a 161700  
110 |a ISIS  
245 |a WOMEN IN DEVELOPMENT A RESOURCE UNIDE FOR ORGANIZATION AND ACTION  
260 |a Geneva:   |b ISIS  
300 |a 225 p.   |b il.  
999 |c 16920  |d 16920